MDQL
is popping MORE tags! Check the
thread
!
Quizzes
Events
Quiz Creation
Community
Videos
Private Events
Remove Ads
Sign In
Join for FREE
Feedback
Dark Mode
Quiz Categories
Sports
Geography
Music
Movies
Television
Just For Fun
Miscellaneous
History
Literature
Language
Science
Gaming
Entertainment
Religion
Holiday
For Kids
Quiz Lab
Recent
Popular Today
Quiz Kudos Today
Editor Picks
Curator Picks
Quizzes by...
Day
Popularity
Type
Ratings
Length
Year
Community
Subscriptions
Recent Discussions
Orange Saloon
Badges
Playlists
Quests
Create
Leaderboards
Showdown
Live 5
Trivia Bingo
Activity
Puzzle Library
Sporcle Events
Private Events
Virtual Trivia
Globe League
Become a Host
Pub Owners
SporcleCon
Opinionation
Our Games
Videos
Blog
Mobile Apps
Partnerships
Remove Ads and Go Orange
Feedback
History
US Presidents
World Leaders
Politics
Nation
Discovery
War
Decade
Year
Century
Biography
Art
History
US Presidents
World Leaders
Politics
Nation
Discovery
War
Decade
Year
Century
Biography
Art
Random Quiz
Search Sporcle
×
Quiz Lab
Quiz Lab
History
London Assembly
Type in answers that appear in a list
Type in answers that appear in a list
Classic
Best Score? Go Orange.
London Assembly Members Stats
Can you name the current London Assembly Members?
By
Ribhump
3m
25 Questions
35 Plays
35 Plays
35 Plays
Comments
Comments
Give Quiz Kudos
Give Quiz Kudos
-
- Ratings
hide this ad
Replay
Link that replays current quiz
Next Quiz
Link to next quiz in quiz playlist
You Got
0%
They Got
Avg Score
56%
Avg Friend Score
Upgrade to see
Score Distribution
Jump to the score distribution portion of the page
Score
0/25
Timer
03:00
0
Plays Today
Party
Name
% Correct
BNP
Richard Barnbrook
74.3%
Conservative
James Cleverly
74.3%
Green
Darren Johnson
71.4%
Green
Jenny Jones
68.6%
Liberal Democrat
Caroline Pidgeon
68.6%
Labour
John Biggs
62.9%
Labour
Len Duvall
62.9%
Conservative
Tony Arbour
60%
Conservative
Brian Coleman
60%
Labour
Nicky Gavron
60%
Liberal Democrat
Mike Tuffrey
60%
Conservative
Richard Barnes
57.1%
Conservative
Kit Malthouse
57.1%
Party
Name
% Correct
Liberal Democrat
Dee Doocey
54.3%
Conservative
Victoria Borwick
51.4%
Conservative
Steve O'Connell
51.4%
Conservative
Roger Evans
51.4%
Labour
Joanne McCartney
51.4%
Labour
Navin Shah
51.4%
Conservative
Richard Tracey
48.6%
Labour
Valerie Shawcross
48.6%
Labour
Jennette Arnold
45.7%
Conservative
Andrew Boff
45.7%
Conservative
Gareth Bacon
40%
Labour
Murad Qureshi
31.4%
Quiz Playlist
Details
Report
Send in Message
Add To Playlist
Classic:
Type in answers that appear in a list
Quiz Source
Last Updated: Feb 16, 2017
Quiz Scoreboard
CHALLENGE
Sign Up to Join the Scoreboard
Show All
Scores
Hide
Comments
May contain spoilers
Recently Published
1-10 Letter E Words III
by El_Dandy
Language
2m
Street Fighter Characters
by Artimus82
Gaming
60s
College Basketball Coaching Resumes
by pancakes188
Sports
9m
More to Explore
Quiz From the Vault
Featured Blog Post
Where Did the Easter Bunny Come From?
hide this ad
You Might Also Like...
Tags
Assembly
Constituency
London
London Assembly
Party
Today's Top Quizzes in History
Browse History
hide this ad
Top Contributed Quizzes in History
1
Popular People in 1991
2
Popular People in 1981
3
Popular People in 1951
4
Popular People in 1941
5
Popular People in 1986
6
Popular People in 1976
7
Popular People in 1921
8
5-to-1: 20th Century Images of War
9
I Am Born On March 28th
10
Popular People in 1946
Explore More
Trending Topics
Crossword
Kpop
NBA
Anime
Marvel
Harry Potter
Disney
Pokémon
The Office
Puzzle
NFL
Song
Soccer
WWE
Country
hide this ad
More By:
Ribhump
Quiz
Plays
Rating
Category
Featured
Created
That be Mountain Country
2,183
4.57
Geography
Sep 21, 2010
Superbad Quotes (extended)
1,888
3.00
Movies
Mar 16, 2010
World's Richest Cities by Region
1,715
4.00
Geography
Aug 20, 2010
Malazan Book of the Fallen Warrens
1,022
1.64
Literature
Feb 28, 2010
Marvel Super Heroes Top Trumps 1988
684
3.57
Gaming
Feb 22, 2010
Go to Creator's Profile
Score Distribution
Quiz Creator Spotlight
Ribhump
Follow
Send a Message
Quizzes Created
-
Created Quiz Play Count
-
More By This Creator
Popular Quizzes Today
1
Find the US States - No Outlines Minefield
2
Find the Countries of Europe - No Outlines Minefield
3
The Countries of the World
4
Find the US States
5
Risky Map Clicking: Biggest States A-Z
6
US States
7
Popular People in 1961
8
Movies - When Are They Set?
More History Quizzes
'A' Historical Figures by Image
Published
Trending Quizzes
Risky Map Clicking: Least Populous States A-Z
1-10 Letter G Words
1-10 Letter F Words
Countries of the World: 200 Million BC
Risky Map Clicking: Next State Alphabetically
Recently Updated
Beyoncé Albums
pecheneg
Leaping Animals
pecheneg
Reality TV Shows (A-Z)
bhenderson79
Rickey Henderson's Hall of Fame Teammates
pecheneg
Champions League XIs: Arsenal
pecheneg
Quick Pick: Celebrities in WWE's Hall of Fame
aduchscher
A-Z Keypad Blitz II
pecheneg
Multiple Oscar Actors
pecheneg
Mystery Phrase Blitz: Oscar 'Best Actors'
pecheneg
F. Scott Fitzgerald Novels
LTH
Trending Topics
Marvel
NBA
Kpop
Crossword
Anime
Disney
Harry Potter
The Office
Soccer
NFL
WWE
Pokémon
Puzzle
Song
Country
Your Account Isn't Verified!
In order to create a playlist on Sporcle, you need to verify the email address you used during registration. Go to your
Sporcle Settings
to finish the process.
Report this User
Report this user for behavior that violates our
Community Guidelines
.
Details:
Send Report
Go to the Sporcle.com Mobile Site →
Comments